000 00779nam a2200253Ia 4500
003 OSt
005 20220918220613.0
006 a|||||r|||| 00| 0
007 ta
008 220917b |||||||| |||| 00| 0 eng d
024 _a146,509
037 _cTextual
040 _aARTS
_cARTS
_beng
041 _2eng
_aeng
082 _aY31, L52
100 _aGottschalk Shimon S.
_9137884
245 0 _aCommunities and alternatives
_b An explorating the limits of planning
260 _aCambrige
_bSchenkman
_c1975
300 _axvii 167p. Tables,plates.
_ccm.
500 _aAppendixA: Theory of communal organisations. B.:Community schedule p.133-69.
650 _aSOCIOLOGY
942 _hY31, L52
_cTEXL
_2CC
999 _c269265
_d269265